000 00883nam a22002057a 4500
003 OSt
005 20170608093034.0
008 150408b xxu||||| |||| 00| 0 eng d
040 _cBMC
082 _a630
100 1 _934703
_aMolina Muller, Ronald Enrique
245 1 0 _aPasantía en Ministerio de Agricultura y Ganadería Servicios Veterinarios Región I
_b: Informe final
_cRonald Enrique Molina Muller
260 _aSanta Ana (El Salvador)
_bUniversidad Católica de El Salvador
_c2012
300 _a30 h.
_bil.
_c28 cm
_e+ 1 disco compacto
500 _aPrecede al tít.: Universidad Católica de El Salvador, Facultad de Ingeniería y Arquitectura
502 _aTrabajo de graduación para optar título de Ingeniero agrónomo
650 2 4 _925051
_aAgronomía
710 2 _91166
_aUniversidad Católica de El Salvador
_bFacultad de Ingeniería y Arquitectura
942 _2ddc
_cTG
999 _c21203
_d21203